Statistiques concernant Les animaux

Cliquez ici pour prendre le quiz!

Statistiques générales

  • Ce quiz a été pris 273 fois
  • Le résultat moyen est 14 sur 16

Statistiques - réponses

Réponse% Correct
Lion
100%
Éléphant
98%
Chat
97%
Crocodile
97%
Chien
96%
Requin
96%
Vache
96%
Gorille
95%
Poule
95%
Tortue
95%
Abeille
94%
Cochon
94%
Cameleon
80%
Pingouin
79%
Cigogne
63%
Mille pattes
53%

Distribution des résultats

Percentile par nombre de réponses

% des personnes avec chaque résultat

Votre développement - résultats

Vous n’avez pas pris ce quiz